[Event "Irkutsk Ermolaev Memorial 6th"]
[Site "Irkutsk"]
[Date "2012.08.08"]
[Round "8"]
[White "Vorobiev, Nikolay"]
[Black "Bogun, Oleg Petrovich"]
[Result "0-1"]
[WhiteElo "2025"]
[BlackElo "2099"]
[PlyCount "80"]
[EventDate "2012.08.01"]
[EventType "swiss"]
[EventRounds "9"]
[EventCountry "RUS"]
[SourceTitle "CBM 149 Extra"]
[Source "ChessBase"]
[SourceDate "2012.08.24"]
[SourceVersion "1"]
[SourceVersionDate "2012.08.24"]
[SourceQuality "1"]

1. Nf3 b6 2. g3 Bb7 3. Bg2 e6 4. c4 f5 5. b3 Nf6 6. Bb2 Be7 7. 0-0 0-0 8. d3 Qe8 9. Nbd2 a5 10. Qc2 Qh5 11. e4 f4 12. Be5 fxg3 13. Bxg3 Na6 14. h3 Qh6 15. Rae1 Nh5 16. Ne5 Bc5 17. Ng4 Qg5 18. Kh2 Nb4 19. Qc3 Nxa2 20. Qe5 Qxe5 21. Bxe5 d6 22. Bb2 e5 23. Nf3 Nb4 24. Rd1 Nf4 25. d4 exd4 26. Nxd4 Bxd4 27. Bxd4 Nxg2 28. Kxg2 Bxe4+ 29. f3 Bc2 30. Rc1 Rae8 31. Rf2 Bxb3 32. Rc3 a4 33. f4 Re4 34. Rd2 Rfxf4 35. Bf2 Rxc4 36. Rg3 Rc2 37. Be3 Bd5+ 38. Kh2 Rf1 39. Rg1 Rxg1 40. Kxg1 Rxd2 0-1

[Event "Irkutsk Ermolaev Memorial 6th"]
[Site "Irkutsk"]
[Date "2012.08.04"]
[Round "4"]
[White "Popov, Petr"]
[Black "Bogun, Oleg Petrovich"]
[Result "0-1"]
[WhiteElo "1545"]
[BlackElo "2099"]
[PlyCount "122"]
[EventDate "2012.08.01"]
[EventType "swiss"]
[EventRounds "9"]
[EventCountry "RUS"]
[SourceTitle "CBM 149 Extra"]
[Source "ChessBase"]
[SourceDate "2012.08.24"]
[SourceVersion "1"]
[SourceVersionDate "2012.08.24"]
[SourceQuality "1"]

1. e4 d6 2. Nf3 g6 3. d4 Bg7 4. c3 Nd7 5. Bc4 Ngf6 6. e5 dxe5 7. dxe5 Ng4 8. e6 fxe6 9. Ng5 Nde5 10. Qxd8+ Kxd8 11. Bxe6 h6 12. Bxg4 Bxg4 13. Ne4 Nd3+ 14. Kd2 Nxc1 15. Rxc1 c6 16. f3 Bf5 17. Re1 Kc7 18. Ke3 Rad8 19. Nbd2 Rd5 20. Kf2 Rhd8 21. Re2 Rd3 22. Rae1 e5 23. Nb3 b6 24. g4 Be6 25. g5 hxg5 26. Nxg5 Bc4 27. Re4 Bg8 28. h4 Rf8 29. Nc1 Rd2+ 30. R4e2 Rd6 31. Kg3 Rf5 32. b3 Rd8 33. c4 Rd4 34. Re4 Rd8 35. R1e3 Bf6 36. Kg4 Rd1 37. Re1 Rxe1 38. Rxe1 Rf4+ 39. Kg3 Rd4 40. Re4 Rd2 41. Re1 Rd4 42. Ne4 Be7 43. Re3 Be6 44. Nd3 Bf5 45. Nxe5 Bxe4 46. Rxe4 Rxe4 47. fxe4 Bd6 48. Kf4 c5 49. Kg5 Bxe5 50. Kxg6 Kd6 51. h5 Ke6 52. h6 a5 53. a4 Bd4 54. h7 Bh8 55. Kg5 Ke5 56. Kg6 Kxe4 57. Kf7 Kd3 58. Ke6 Kc3 59. Kd5 Kxb3 60. Kc6 Kxc4 61. Kxb6 Kb4 0-1

[Event "Irkutsk-ch"]
[Site "Irkutsk"]
[Date "2012.04.04"]
[Round "7"]
[White "Gayanov, Khalil"]
[Black "Bogun, Oleg Petrovich"]
[Result "1-0"]
[WhiteElo "1828"]
[BlackElo "2099"]
[PlyCount "21"]
[EventDate "2012.03.24"]
[EventType "swiss"]
[EventRounds "9"]
[EventCountry "RUS"]
[SourceTitle "EXT 2013"]
[Source "ChessBase"]
[SourceDate "2012.11.22"]
[SourceVersion "1"]
[SourceVersionDate "2012.11.22"]
[SourceQuality "1"]

1. d4 d5 2. Bg5 Nc6 3. Nc3 Nf6 4. f3 e6 5. a3 Be7 6. e3 0-0 7. Bd3 Nd7 8. Bf4 Bg5 9. Nge2 Bxf4 10. Nxf4 Qh4+ 11. g3 1-0

[Event "Irkutsk-ch"]
[Site "Irkutsk"]
[Date "2012.03.24"]
[Round "1"]
[White "Bogun, Oleg Petrovich"]
[Black "Usov, Alexander"]
[Result "1-0"]
[WhiteElo "2099"]
[BlackElo "1686"]
[PlyCount "93"]
[EventDate "2012.03.24"]
[EventType "swiss"]
[EventRounds "9"]
[EventCountry "RUS"]
[SourceTitle "EXT 2013"]
[Source "ChessBase"]
[SourceDate "2012.11.22"]
[SourceVersion "1"]
[SourceVersionDate "2012.11.22"]
[SourceQuality "1"]

1. d4 d5 2. Nf3 c5 3. e3 Nc6 4. b3 g6 5. Bb2 Bg7 6. Be2 Bg4 7. Ne5 Bxe2 8. Qxe2 Qa5+ 9. Bc3 Qb6 10. Nxc6 Qxc6 11. dxc5 Nf6 12. Bd4 0-0 13. 0-0 Rfe8 14. f4 Ne4 15. Bxg7 Kxg7 16. b4 a5 17. c3 e5 18. Qd3 Kg8 19. Nd2 Rad8 20. Rad1 Qf6 21. Nxe4 dxe4 22. Qxe4 exf4 23. Qxf4 Qe6 24. Rd6 Rxd6 25. cxd6 axb4 26. cxb4 f5 27. Rd1 Rd8 28. Rd2 Rd7 29. Qd4 Kf7 30. Kf2 b5 31. Qd5 Qxd5 32. Rxd5 Ke6 33. Rxb5 Rxd6 34. a4 Rd2+ 35. Kf3 Ra2 36. a5 Kd6 37. h4 Ra4 38. Rb7 Ke5 39. Rb6 Kd5 40. a6 Ra2 41. b5 Ra4 42. g3 Kc5 43. Rb7 h6 44. a7 g5 45. hxg5 hxg5 46. b6 g4+ 47. Ke2 1-0

[Event "Irkutsk-ch sf"]
[Site "Irkutsk"]
[Date "2012.01.29"]
[Round "6"]
[White "Bychkov, Vladimir"]
[Black "Bogun, Oleg Petrovich"]
[Result "0-1"]
[WhiteElo "1905"]
[BlackElo "2099"]
[PlyCount "86"]
[EventDate "2012.01.21"]
[EventType "swiss"]
[EventRounds "9"]
[EventCountry "RUS"]
[SourceTitle "CBM 146 Extra"]
[Source "ChessBase"]
[SourceDate "2012.02.29"]
[SourceVersion "1"]
[SourceVersionDate "2012.02.29"]
[SourceQuality "1"]

1. c4 b6 2. Nc3 Bb7 3. d4 Nf6 4. Qc2 g6 5. e4 d6 6. f3 Nbd7 7. Be3 Bg7 8. Bd3 e5 9. d5 Nh5 10. Nge2 Nc5 11. 0-0 0-0 12. b4 Nxd3 13. Qxd3 a5 14. a3 Qe7 15. Qc2 f5 16. c5 axb4 17. axb4 bxc5 18. bxc5 Ba6 19. Ra2 Bc4 20. Rxa8 Rxa8 21. Rb1 fxe4 22. fxe4 Nf4 23. Rd1 Ra3 24. cxd6 cxd6 25. Nxf4 exf4 26. Nb1 Rxe3 27. Qxc4 Rxe4 28. Qc8+ Kf7 29. Qc1 Be5 30. Nd2 Bd4+ 31. Kh1 Be3 32. Qc2 Bxd2 33. Qxd2 Qe5 34. Qa5 g5 35. h3 Kg6 36. Qd8 Kh5 37. Qd7 Kg6 38. Qd8 h6 39. Qg8+ Kh5 40. Qf7+ Kh4 41. Qb7 Re2 42. Qb3 Qe4 43. Rg1 Re3 0-1

[Event "Irkutsk-ch sf"]
[Site "Irkutsk"]
[Date "2012.01.21"]
[Round "1"]
[White "Bogun, Oleg Petrovich"]
[Black "Ivakin, Valery"]
[Result "1-0"]
[WhiteElo "2099"]
[BlackElo "1849"]
[PlyCount "99"]
[EventDate "2012.01.21"]
[EventType "swiss"]
[EventRounds "9"]
[EventCountry "RUS"]
[SourceTitle "CBM 146 Extra"]
[Source "ChessBase"]
[SourceDate "2012.02.29"]
[SourceVersion "1"]
[SourceVersionDate "2012.02.29"]
[SourceQuality "1"]

1. Nf3 d5 2. d4 Nf6 3. g3 Bf5 4. Bg2 c6 5. 0-0 Nbd7 6. b3 e6 7. Bb2 Bd6 8. Nbd2 0-0 9. Ne5 Ng4 10. e4 Ngxe5 11. dxe5 Nxe5 12. exf5 exf5 13. Nf3 Ng6 14. Qd3 f4 15. Rad1 fxg3 16. hxg3 Qb6 17. Qd4 Qxd4 18. Rxd4 Rae8 19. Rd2 f5 20. Re1 Re4 21. Rde2 Rfe8 22. Nd4 Rxe2 23. Rxe2 Rxe2 24. Nxe2 Kf7 25. Bd4 a6 26. Nc1 f4 27. g4 Ne5 28. Bxe5 Bxe5 29. Nd3 Bd6 30. Kf1 Kf6 31. Ke2 Kg5 32. Kf3 g6 33. Bf1 c5 34. Nc1 b5 35. Ne2 d4 36. Ng1 Kf6 37. Nh3 Ke5 38. Nxf4 g5 39. Nd3+ Kd5 40. Nb2 Bf4 41. Bd3 Bc1 42. Be4+ Kd6 43. Nd3 Ba3 44. Bxh7 c4 45. bxc4 bxc4 46. Ne1 Bb4 47. Ke2 d3+ 48. cxd3 cxd3+ 49. Bxd3 a5 50. Nf3 1-0

[Event "Sibiria Region-ch"]
[Site "Irkutsk"]
[Date "2009.05.15"]
[Round "8"]
[White "Bogun, Oleg Petrovich"]
[Black "Postnikov, Alexey"]
[Result "1-0"]
[WhiteElo "2101"]
[BlackElo "1957"]
[PlyCount "35"]
[EventDate "2009.05.10"]
[EventType "swiss"]
[EventRounds "9"]
[EventCountry "RUS"]
[SourceTitle "CBM 130 Extra"]
[Source "ChessBase"]
[SourceDate "2009.07.02"]
[SourceVersion "2"]
[SourceVersionDate "2009.07.15"]
[SourceQuality "1"]

1. Nf3 Nf6 2. d4 g6 3. Bg5 Bg7 4. Nc3 0-0 5. e4 d6 6. Bd3 h6 7. Bf4 Nh5 8. Be3 e5 9. Qd2 Kh7 10. 0-0-0 Nc6 11. dxe5 Nxe5 12. Nxe5 dxe5 13. f3 c6 14. Bc4 Qe7 15. Qd6 Qh4 16. Qc7 f5 17. g3 Qf6 18. Rd6 1-0

[Event "Sibiria Region-ch"]
[Site "Irkutsk"]
[Date "2009.05.12"]
[Round "4"]
[White "Tunik, Sergey"]
[Black "Bogun, Oleg Petrovich"]
[Result "1/2-1/2"]
[WhiteElo "1790"]
[BlackElo "2101"]
[PlyCount "81"]
[EventDate "2009.05.10"]
[EventType "swiss"]
[EventRounds "9"]
[EventCountry "RUS"]
[SourceTitle "CBM 130 Extra"]
[Source "ChessBase"]
[SourceDate "2009.07.02"]
[SourceVersion "2"]
[SourceVersionDate "2009.07.15"]
[SourceQuality "1"]

1. d4 Nf6 2. c4 c5 3. d5 d6 4. Nc3 g6 5. Nf3 Bg7 6. e4 0-0 7. Be2 Na6 8. 0-0 Nc7 9. Re1 Rb8 10. Rb1 Bd7 11. Bg5 b5 12. cxb5 Nxb5 13. Bxb5 Bxb5 14. Nxb5 Rxb5 15. Nd2 h6 16. Bh4 Nd7 17. Nc4 Ne5 18. b3 Qc7 19. Qd2 Kh7 20. Bg3 Nxc4 21. bxc4 Rxb1 22. Rxb1 Rb8 23. Rxb8 Qxb8 24. Qc2 Qb4 25. Kf1 Bc3 26. Qb3 a5 27. Qxb4 cxb4 28. Ke2 Bd4 29. Kd3 Bc5 30. f3 a4 31. Bh4 g5 32. Be1 Kg7 33. g4 Kf8 34. Bd2 Ke8 35. Bc1 f6 36. Kc2 Kd7 37. Bd2 Kc7 38. Be1 Kb6 39. Bd2 Ka6 40. Be1 Kb6 41. Bd2 1/2-1/2

[Event "Sibiria Region-ch"]
[Site "Irkutsk"]
[Date "2009.05.11"]
[Round "2"]
[White "Kuzmin, Ilya"]
[Black "Bogun, Oleg Petrovich"]
[Result "1/2-1/2"]
[WhiteElo "2218"]
[BlackElo "2101"]
[PlyCount "50"]
[EventDate "2009.05.10"]
[EventType "swiss"]
[EventRounds "9"]
[EventCountry "RUS"]
[SourceTitle "CBM 130 Extra"]
[Source "ChessBase"]
[SourceDate "2009.07.02"]
[SourceVersion "2"]
[SourceVersionDate "2009.07.15"]
[SourceQuality "1"]

1. e4 b6 2. d4 Bb7 3. Bd3 e6 4. Nf3 Nf6 5. Qe2 d5 6. exd5 Qxd5 7. Bf4 Bd6 8. Nc3 Qh5 9. Bxd6 cxd6 10. Nb5 Bxf3 11. gxf3 Kd7 12. 0-0-0 Nc6 13. c3 Rhc8 14. Kb1 a6 15. Na3 b5 16. Nc2 Nd5 17. Be4 Nce7 18. Rhg1 g6 19. Ne3 Rab8 20. Nxd5 Nxd5 21. Bxd5 Qxd5 22. Qe4 Qc4 23. Qf4 Ke7 24. Qe3 b4 25. b3 Qxc3 1/2-1/2

[Event "Sibiria Region-ch"]
[Site "Irkutsk"]
[Date "2009.05.10"]
[Round "1"]
[White "Bogun, Oleg Petrovich"]
[Black "Loskutov, Oleg"]
[Result "1-0"]
[WhiteElo "2101"]
[BlackElo "2463"]
[PlyCount "49"]
[EventDate "2009.05.10"]
[EventType "swiss"]
[EventRounds "9"]
[EventCountry "RUS"]
[SourceTitle "CBM 130 Extra"]
[Source "ChessBase"]
[SourceDate "2009.07.02"]
[SourceVersion "2"]
[SourceVersionDate "2009.07.15"]
[SourceQuality "1"]

1. d4 Nf6 2. Nf3 g6 3. e3 Bg7 4. Bd3 0-0 5. b3 d6 6. Bb2 Nbd7 7. Nbd2 Re8 8. Qe2 e5 9. dxe5 Nxe5 10. Nxe5 dxe5 11. 0-0-0 c6 12. Ne4 Nxe4 13. Bxe4 Qa5 14. Kb1 f5 15. Bd3 b5 16. Qd2 Qb6 17. f4 Be6 18. e4 Rad8 19. Qc1 c5 20. exf5 gxf5 21. Bxe5 c4 22. Bxg7 Kxg7 23. Qb2+ Kf7 24. Be2 Qe3 25. Bh5+ 1-0

[Event "Sibiria Region-ch"]
[Site "Russia"]
[Date "2007.03.25"]
[Round "8"]
[White "Bogun, Oleg Petrovich"]
[Black "Pavlov, Oleg Yuryevich"]
[Result "0-1"]
[WhiteElo "2107"]
[BlackElo "2282"]
[PlyCount "50"]
[EventDate "2007.03.18"]
[EventType "swiss"]
[EventRounds "9"]
[EventCountry "RUS"]
[SourceTitle "EXT 2008"]
[Source "ChessBase"]
[SourceDate "2007.11.25"]
[SourceVersion "1"]
[SourceVersionDate "2007.11.25"]
[SourceQuality "1"]

1. d4 Nf6 2. Nf3 e6 3. g3 b6 4. Bg2 Bb7 5. 0-0 c5 6. b3 a6 7. Bb2 cxd4 8. Qxd4 Qc7 9. c4 d6 10. Nc3 Nbd7 11. Rfd1 Be7 12. Rac1 0-0 13. Ng5 Bxg2 14. Kxg2 Qb7+ 15. f3 b5 16. Nce4 bxc4 17. Nxd6 Bxd6 18. Qxd6 cxb3 19. Nxe6 fxe6 20. Rc7 Qb6 21. Qxd7 Nxd7 22. Rdxd7 Qxc7 23. Rxc7 Rf7 24. Rc3 bxa2 25. Ra3 Rc7 0-1

[Event "Sibiria Region-ch"]
[Site "Russia"]
[Date "2007.03.24"]
[Round "7"]
[White "Keosidi, Konstantin"]
[Black "Bogun, Oleg Petrovich"]
[Result "1-0"]
[WhiteElo "2313"]
[BlackElo "2107"]
[PlyCount "37"]
[EventDate "2007.03.18"]
[EventType "swiss"]
[EventRounds "9"]
[EventCountry "RUS"]
[SourceTitle "EXT 2008"]
[Source "ChessBase"]
[SourceDate "2007.11.25"]
[SourceVersion "1"]
[SourceVersionDate "2007.11.25"]
[SourceQuality "1"]

1. e4 e6 2. Qe2 b6 3. g3 Bb7 4. Bg2 f5 5. d3 Nf6 6. Nd2 Bc5 7. Ngf3 0-0 8. e5 Ng4 9. 0-0 f4 10. d4 Be7 11. Ne4 fxg3 12. fxg3 Qe8 13. h3 Qg6 14. Neg5 Bxg5 15. Nxg5 Rxf1+ 16. Qxf1 Nc6 17. hxg4 Rf8 18. Qd3 Qh6 19. c3 1-0